Online
Catalog

Histoire du droit haitien / (Record no. 13630)

MARC details
000 -CABECERA
campo de control de longitud fija 00517cam a2200157u 4500
001 - NÚMERO DE CONTROL
campo de control 000014027
005 - FECHA Y HORA DE LA ÚLTIMA TRANSACCIÓN
campo de control 20200929163437.0
008 - DATOS DE LONGITUD FIJA--INFORMACIÓN GENERAL
campo de control de longitud fija 850510s1933 ht 000 0 fre
040 ## - FUENTE DE LA CATALOGACIÓN
Centro catalogador/agencia de origen DO-SdBNP
Lengua de catalogación spa
Centro/agencia transcriptor BNPHU
100 1# - ENTRADA PRINCIPAL--NOMBRE DE PERSONA
Nombre de persona Jean-Jacques, Thales.
9 (RLIN) 31756
245 10 - MENCIÓN DE TÍTULO
Título Histoire du droit haitien /
Mención de responsabilidad, etc. Thales Jean-Jacques.
260 ## - PUBLICACIÓN, DISTRIBUCIÓN, ETC.
Lugar de publicación, distribución, etc. Port-au-Prince, Haiti :
Nombre del editor, distribuidor, etc. [Imprimerie N. Telhomme],
Fecha de publicación, distribución, etc. 1933.
300 ## - DESCRIPCIÓN FÍSICA
Extensión 908, 40 p. ;
Dimensiones 26 cm.
740 0# - PUNTO DE ACCESO ADICIONAL--TÍTULO RELACIONADO O ANALÍTICO NO CONTROLADO
Título relacionado o analítico no controlado Hypotheque legale de la femme mariee.
910 ## - DATOS DE OPCIÓN DEL USUARIO (OCLC)
Datos de opción del usuario Catalogación por copia / LC
Holdings
Estado de retiro Estado de pérdida Restricciones de uso No para préstamo Código de colección Localización permanente Ubicación/localización actual Ubicación en estantería Fecha de adquisición Número de inventario Total de préstamos Signatura topográfica completa Código de barras Fecha visto por última vez Precio válido a partir de Tipo de ítem Koha
    Préstamo interno   Raros y valiosos General General En catalogación 02.12.2009 LF1   14027-10 25.06.2020 25.06.2020 Préstamo interno

Powered by Koha